Normal view
MARC view
- Automation technologies for Genome Characterization
Entry Topical Term
001 - CONTROL NUMBER
- control field: 125262
003 - CONTROL NUMBER IDENTIFIER
- control field: NUST
005 - DATE AND TIME OF LATEST TRANSACTION
- control field: 20240821142416.0
008 - FIXED-LENGTH DATA ELEMENTS
- fixed length control field: 240821|| aca||aabn | a|a d
040 ## - CATALOGING SOURCE
- Original cataloging agency: NUST
- Transcribing agency: NUST
150 ## - HEADING--TOPICAL TERM
- Topical term or geographic name entry element: Automation technologies for Genome Characterization
670 ## - SOURCE DATA FOUND
- Source citation: Work cat.: (NUST): Tony G beugelsdijk 125261, Automation technologies for Genome Characterization , 1997.
